| 000 | 00386 a2200157 4500 | ||
|---|---|---|---|
| 001 | 171156 | ||
| 020 | _a | ||
| 040 | _cMagnum | ||
| 100 | _aInfante, Ulisses | ||
| 240 | 1 | 0 |
_aCurso de literatura de lingua portuguesa - volume unico _lpor |
| 245 | 1 | 0 | _aCurso de literatura de lingua portuguesa - volume unico |
| 362 | 0 | _a1899 | |
| 440 | 1 | _aScipione | |
| 697 | _aGERAL | ||
| 942 | _cBK | ||
| 999 |
_c171156 _d171156 |
||